| Поле | Инд. | ПП | Название | Значение |
|---|---|---|---|---|
| Тип записи | a | |||
| Библиографический уровень | m | |||
| 001 | Контрольный номер | UNIDUBNAb3af6425252f4598952b830cc599282c | ||
| 005 | Дата корректировки | 20260330094521.6 | ||
| 008 | Кодируемые данные | 20160127 | ||
| 020 | a | ISBN | 9785534083972 | |
| 084 | a | Индекс другой классификации/Индекс ББК | 65.291.6-21я73; 65.24я73; 60.8я73 | |
| 100 | 1_ | a | Автор | Селезнева Е. В. |
| q | Полное имя | Селезнева Елена Владимировна | ||
| 245 | 10 | a | Заглавие | Лидерство |
| b | Продолж. заглавия | учебник и практикум для вузов | ||
| 260 | a | Место издания | Москва | |
| b | Издательство | Юрайт | ||
| c | Дата издания | 2024 | ||
| 300 | a | Объем | 429 с. | |
| 336 | a | Термин вида содержания | Текст | |
| 337 | a | Термин типа средства | электронный | |
| 440 | _0 | a | Серия | Высшее образование |
| 500 | a | Примечание | Курс с практическими заданиями и дополнительными материалами доступен на образовательной платформе "Юрайт", а также в мобильном приложении "Юрайт.Библиотека" | |
| 500 | a | Примечание | Соответствует актуальным требованиям Федерального государственного образовательного стандарта высшего образования | |
| 504 | a | Библиография | Прил.: с. 317. - Лит.: с. 428 | |
| 521 | 0_ | a | Примеч. о целев. назн. | бакалавриат |
| 600 | 14 | a | Персоналии | Голль Шарль де |
| a | Персоналии | Джобс Стивен | ||
| 650 | 04 | a | Основная рубрика | маркетинг |
| a | Основная рубрика | персонал предприятия | ||
| a | Основная рубрика | экономика | ||
| a | Основная рубрика | экономика труда | ||
| 653 | 0_ | a | Ключевые слова | власть |
| a | Ключевые слова | власть в организации | ||
| a | Ключевые слова | власть лидера | ||
| a | Ключевые слова | групповые нормы | ||
| a | Ключевые слова | делегирование полномочий | ||
| a | Ключевые слова | иерархия потребностей Маслоу | ||
| a | Ключевые слова | классификация норм | ||
| a | Ключевые слова | командообразование (тимбилдинг) | ||
| a | Ключевые слова | коммуникации | ||
| a | Ключевые слова | лидерская активность | ||
| a | Ключевые слова | лидерские качества | ||
| a | Ключевые слова | лидерские компетенции | ||
| a | Ключевые слова | лидерские функции | ||
| a | Ключевые слова | лидерство | ||
| a | Ключевые слова | лидеры | ||
| a | Ключевые слова | личностная конкурентоспособность | ||
| a | Ключевые слова | менеджеры | ||
| a | Ключевые слова | механизмы реализации власти | ||
| a | Ключевые слова | модель мотивации | ||
| a | Ключевые слова | модель принятия решений | ||
| a | Ключевые слова | модель эффективного лидера | ||
| a | Ключевые слова | модель эффективности | ||
| a | Ключевые слова | общение | ||
| a | Ключевые слова | организационное поведение | ||
| a | Ключевые слова | потребности | ||
| a | Ключевые слова | принципы мотивирования | ||
| a | Ключевые слова | стили принятия решений | ||
| a | Ключевые слова | стиль лидерства | ||
| a | Ключевые слова | стиль руководства | ||
| a | Ключевые слова | стиль управления | ||
| a | Ключевые слова | типология лидерства | ||
| a | Ключевые слова | управление персоналом | ||
| a | Ключевые слова | управленческая команда | ||
| a | Ключевые слова | управленческая решетка Блейка - Моутон | ||
| a | Ключевые слова | ценности | ||
| a | Ключевые слова | ценностно-смысловой подход | ||
| 655 | a | Жанр/ форма (устаревшее) | учебное пособие | |
| 856 | 40 | a | Имя сервера/домена | ЭБС ЮРАЙТ |
| d | Путь | https://urait.ru | ||
| i | Указания/сценарий входа | Доступ по логину и паролю | ||
| u | URL | https://urait.ru/bcode/535903 | ||
| v | Время доступа к ресурсу | 25.03.2027 | ||
| y | Справочный текст | Электронная версия | ||
| 900 | a | Имя электронного ресурса | obl_Selezneva_liderstvo | |
| x | Справочная информация | Обложка | ||
| 901 | t | Тип документа | 0 | |
| 952 | a | Тип литературы для КСУ ВШ | УИ |